Balance of Payments Statistics Yearbook 1997 Part 1: Country Tables
Uložené v:
| Médium: | Kniha |
|---|---|
| Jazyk: | English |
| Vydavateľské údaje: |
Washington
International Monetary Fund
1997
|
| Predmet: | |
| Tagy: |
Žiadne tagy, Buďte prvý, kto otaguje tento záznam!
|
MARC
| LEADER | 00000nam a2200000 4500 | ||
|---|---|---|---|
| 001 | c100192 | ||
| 005 | 20251103105102.3 | ||
| 020 | |a 1-55775-657-0 | ||
| 022 | |a 0252-3035 | ||
| 041 | 0 | |a eng | |
| 044 | |a US | ||
| 245 | 1 | 0 | |a Balance of Payments Statistics Yearbook 1997 |b Part 1: Country Tables |
| 264 | 1 | |a Washington |b International Monetary Fund |c 1997 | |
| 300 | |a 885 s. | ||
| 610 | 2 | 0 | |a bilancia platobná |
| 610 | 2 | 0 | |a Medzinárodný menový fond |